Commerce in the human species, and the enslaving of innocent persons, inimical to the laws of Moses, and the Gospel of Christ : A sermon, preached in Little Prescot Street, Goodman's Fields, London, Jan. 29, 1792. /

Bibliographic Details
Main Author: Booth, Abraham, 1734-1806
Format: eBook
Language:English
Series:Early American imprints. Evans (1639-1800) ; no. 24128.
Subjects:
Online Access:Evans Digital Edition

MARC

Tag First Indicator Second Indicator Subfields
LEADER 00000cam a2200000 a 4500
001 in00002136708
006 m e d #
007 cr mn mmmmabba
008 810714r1792 pau s 000 0 eng d
005 20260330200319.2
035 |z w037456 
035 |a MAAR8107142804B 
035 |9 mwa91-55271 
035 |a 333469 
035 |a aas03037456 
040 |a MWA  |c MWA  |e bdrb  |d UtOrBLW 
100 1 |a Booth, Abraham,  |d 1734-1806. 
245 1 0 |a Commerce in the human species, and the enslaving of innocent persons, inimical to the laws of Moses, and the Gospel of Christ :  |b A sermon, preached in Little Prescot Street, Goodman's Fields, London, Jan. 29, 1792. /  |c By Abraham Booth, A.M. Pastor of a Baptist church. ; [Eight lines of quotations]. 
264 3 |a [Philadelphia] :  |b London, printed, Philadelphia: re-printed and sold by Daniel Lawrence, no. 33. North 4th Street, near Race-Street,  |c M.DCC.XCII. [1792] 
300 |a 40 pages ;  |c 16 cm. (octavo) 
336 |a text  |b txt  |2 rdacontent 
337 |a computer  |b c  |2 rdamedia 
338 |a online resource  |b cr  |2 rdacarrier 
500 |a Running title: Commerce in man, and West-India slavery, abhorent from divine revelation. 
510 4 |a Evans  |c 24128 
530 |a Microform version available in the Readex Early American Imprints series. 
533 |a Electronic text and image data.  |b [Chester, Vt. :  |c Readex, a division of Newsbank, Inc.,  |d 2002-2004.  |e Includes files in TIFF, GIF and PDF formats with inclusion of keyword searchable text.  |f (Early American imprints. First series ; no. 24128). 
500 |a Electronic resource. 
650 0 |a Slave trade  |z West Indies, British. 
650 0 |a Slavery. 
655 7 |a Sermons  |y 1792.  |2 rbgenr 
740 0 |a Commerce in man, and West-India slavery, abhorent from divine revelation. 
752 |a United States  |b Pennsylvania  |d Philadelphia. 
830 0 |a Early American imprints.  |n Series I,  |p Evans (1639-1800) ;  |v no. 24128. 
856 4 1 |u http://proxy.library.tamu.edu/login?url=https://opac.newsbank.com/select/evans/24128  |y Evans Digital Edition  |t 0 
999 |a MARS 
999 f f |s c80c2ca1-751e-303d-b5c3-c8e784a04195  |i 0897a5ec-0e77-39da-b31f-d099dd356f8c  |t 0 
952 f f |a Texas A&M University  |b College Station  |c Electronic Resources  |s www_evans  |d Available Online  |t 0  |h No information provided 
998 f f |t 0  |l Available Online